000 00651nas a2200229 4500
001 BR8802266
003 BR-BrBNA
005 20231205091114.0
007 ta
008 230509b bl.|||p| |||| 00| 00por d
040 _aBR-BrBNA
_bpor
_cBiblioteca Nacional de Agricultura
041 _a(Pt)
072 _aL73
100 1 _aGoncalves, C.A.
245 1 _aEstomatite vesicular [equinos]
246 1 _a[Stomatites on horses]
650 _aEQUINO
650 _aESTOMATITE
773 0 _tCasa da Agricultura (Brazil)
_xISSN 0100-6541
_g(Nov-Dec 1986), v. 8(6) p. 32-34
_wBR8802266
909 _a202311
_bLúcia
_c55
_dLúcia Elande
942 _2AGRIS
_n0
_cANA
999 _c122806
_d122806